Science Quiz

Random Science Quiz

Heart Sounds Locations Quiz Stats

 Plays Quiz not verified by Sporcle

Support Sporcle.
Go Orange.
Score 0/12 Timer 15:00
0 Plays Today
x xx % Correct
Mitral valve prolapseapex
91.7%
Mitral Regurgitation apex
85%
Aortic stenosis 2nd right
80%
Atrial septal defect 2nd left
80%
Innocent heart murmur 2nd right or left
80%
Bicuspid Aortic Valve apex or 2nd right
80%
Aortic Regurgitation (diastolic)4th left
78.3%
Hypertrophic cardiomyopathy 4th left
78.3%
Ventricular Septal Defect4th left
78.3%
S3apex
70%
S4apex
66.7%
Aortic stenosis and regurgitation 2nd right
65%

You're not logged in!

Compare scores with friends on all Sporcle quizzes.
OR
Log In

From the Vault

NBA Western Scoring Leaders (2000s)

by ironsij0287

Strangely enough, Sam Bowie is nowhere to be found.
Remove Ads.
Support Sporcle.
Get the best of Sporcle when you Go Orange. This ad-free experience offers more features, more stats, and more fun while also helping to support Sporcle. Thank you for becoming a member.

Show Comments

Extras

Created Mar 9, 2011ReportNominate
Tags:heart, location, sound

Top Quizzes Today


Score Distribution

Your Account Isn't Verified!

In order to create a playlist on Sporcle, you need to verify the email address you used during registration. Go to your Sporcle Settings to finish the process.

Report this User

Report this user for behavior that violates our Community Guidelines.

Details: